Revista de derecho publicacin̤ arbitrada de la Universidad Catl̤ica del Uruguay

Detalles Bibliográficos
Autor Corporativo: Universidad Catl̤ica del Uruguay "Dm̀aso Antonio Larraąga"
Formato: Seriadas
Lenguaje:español
Publicado: Montevideo : Universidad Catl̤ica del Uruguay "Dm̀aso Antonio Larraąga", 2006-
Materias:
Acceso en línea:Acceso restringido

MARC

LEADER 00000nas a2200000 a 4500
005 20150707124614.0
007 cr|||| ||||
008 070604c20069999uy || ||| ||| 0 ||spa|c
022 |a 1510-3714 
035 |a 12726 
040 |d vLex 
043 |a s-uy--- 
090 |c 5478  |d 5478 
245 0 0 |a Revista de derecho   |h [Recurso electrn̤ico] :  |b publicacin̤ arbitrada de la Universidad Catl̤ica del Uruguay 
256 |a Servicio en ln̕ea 
260 |a Montevideo :  |b Universidad Catl̤ica del Uruguay "Dm̀aso Antonio Larraąga",  |c 2006- 
300 |a 1 recurso electrn̤ico 
310 |a Anual 
362 0 |a No. 1 (2006)- 
506 1 |a Contenido disponible en los siguientes productos  |d vLex Global  |d vLex Global (Academic Edition, excluding Law Schools)  |d vLex Global (U.S. Academic Edition, Law Schools)  |d vLex Global (U.S. Academic Edition, excluding Law Schools)  |d vLex Global (Academic Edition, Law Schools) 
650 0 4 |a Derecho   |x Revistas 
710 2 |a Universidad Catl̤ica del Uruguay "Dm̀aso Antonio Larraąga" 
740 0 |a vLex Revistas (Servicio en ln̕ea) 
856 4 0 |u http://vlex.com/source/12726  |z Acceso restringido 
942 |c REV